000 00733nam a22002177a 4500
003 UA-OsUOA
001 110901
007 ta
008 20150415b un ||||| |||| 00| 0 ukr d
100 _aПономаренко О.
090 _a82
_bП56
942 _cSA
040 _aUA-OsUOA
_bukr
_cUA-OsUOA
_dUA-OsUOA
245 _aТарас Шевченко і Євген Гребінка. Приховані сторінки творчого діалогу
300 _aС.2-7
955 _a0
041 _aukr
080 _a82
773 0 _w110900
_tУкраїнська література в загальноосвітній школі
_dК.
_d2015
_g3
650 7 _a82 Література. Літературознавство
_2UDC
999 _c397135
_d397135